Normal view
MARC view
Entry Topical Term
001 - CONTROL NUMBER
- control field: 6263
003 - CONTROL NUMBER IDENTIFIER
- control field: dpl
005 - DATE AND TIME OF LATEST TRANSACTION
- control field: 20100804161400.0
008 - FIXED-LENGTH DATA ELEMENTS
- fixed length control field: 100804|||a|||||| | ||| d
040 ## - CATALOGING SOURCE
- Original cataloging agency: dpl
- Transcribing agency: dpl
150 ## - HEADING--TOPICAL TERM
- Topical term or geographic name as entry element: Women lawyers
- Form subdivision: Biography.
- Geographic subdivision: India
670 ## - SOURCE DATA FOUND
- Source citation: Work cat.: (dpl)38876: Gooptu, Suparna 6260, Cornelia Sorabji :, 2010
670 ## - SOURCE DATA FOUND
- Source citation: Work cat.: (dpl)38876: Gooptu, Suparna 6260, Cornelia Sorabji :, 2010
